000
00309nam a22001337a 4500
008
170627b xxu||||| |||| 00| 0 eng d
020
_a
9781555975791
041
_a
eng
080
_a
82
100
_a
21
101
_a
GJL
245
_a
OTHERWISE KNOWN AS THE HUMAN CONDTION
_c
GYER.G
942
_2
udc
_c
BK
999
_c
19222
_d
19222